[Event "Hinckley e2e4 Major op"]
[Site "Hinckley Island"]
[Date "2012.08.24"]
[Round "1"]
[White "Mashadian, Armine"]
[Black "Potter, Karl"]
[Result "1/2-1/2"]
[WhiteElo "1793"]
[BlackElo "1903"]
[PlyCount "66"]
[EventDate "2012.08.24"]
[EventType "swiss"]
[EventRounds "7"]
[EventCountry "ENG"]
[SourceTitle "EXT 2014"]
[Source "ChessBase"]
[SourceDate "2013.11.20"]
[SourceVersion "1"]
[SourceVersionDate "2013.11.20"]
[SourceQuality "1"]

1. e4 e6 2. d4 d5 3. e5 c5 4. Bb5+ Bd7 5. Bxd7+ Qxd7 6. Ne2 Nc6 7. f4 cxd4 8. Nxd4 Nxd4 9. Qxd4 Ne7 10. Nc3 Nc6 11. Qf2 Be7 12. Ne2 Rc8 13. c3 b6 14. Be3 Na5 15. b3 Nb7 16. Rd1 Qc7 17. Bd4 Nc5 18. Ng3 Bh4 19. Bxc5 Qxc5 20. Qxc5 Rxc5 21. Rd3 Ke7 22. Kd2 Bxg3 23. hxg3 h6 24. Rc1 Rhc8 25. Rd4 a5 26. Kd3 b5 27. a3 Ra8 28. a4 b4 29. c4 Rac8 30. Rb1 R8c6 31. Rd1 Rc7 32. Re1 Rd7 33. Rc1 Rdc7 1/2-1/2